Famous people who were murdered #6 - Statistics

General Stats
  • This quiz has been taken 16 times
  • The average score is 2 of 16
Answer Stats
Picture Answer % Correct
Jesse James
31%
Nipsey Hussle
31%
Pier Paolo Pasolini
31%
Hanns-Martin Schleyer
15%
Jill Dando
15%
Andrej Karlov
8%
Birendra of Nepal
8%
Bugsy Siegel
8%
Euronymous
8%
Huey Long
8%
Joseph Smith
8%
Nancy Benoit
8%
Peter R. de Vries
8%
Vladimir Rolovic
8%
Wilhelm Gustloff
8%
Chris Hani
0%
No matching quizzes found
Score Distribution
Percent of People with Each Score
Percentile by Number Answered
Your Score History
You have not taken this quiz